North American Country Letter Pair Blitz Quiz Stats

 Plays Quiz Updated Sep 21, 2017

Challenge
Share
Tweet
Embed
Score 0/6 Timer 00:30
2 Plays Today
% Correct
Dominica
89.8%
Haiti
87.3%
Honduras
87%
Dominican Republic
84%
Guatemala
80.7%
Grenada
69.3%

You're not logged in!

Compare scores with friends on all Sporcle quizzes.
Join for Free
OR
Log In

You Might Also Like...

Show Comments

Extras

Top Quizzes Today


Score Distribution

Your Account Isn't Verified!

In order to create a playlist on Sporcle, you need to verify the email address you used during registration. Go to your Sporcle Settings to finish the process.

Report this User

Report this user for behavior that violates our Community Guidelines.

Details: